000 00585nam a22002057a 4500
999 _c9793
_d9793
003 AR-CdUCM
008 190328b ||||| |||| 00| 0 spa d
040 _aMUNICIPALIDAD PROVINCIAL DEL CUSCO
_cBIBLIOTECA MUNICIPAL DEL CUSCO
082 _a823 /
_bB38
100 _aBennett, Arnold
_926234
245 _aLa mujer bonita /
260 _aMadrid :
_bVariorum,
300 _a316 páginas ;
_c19 cm.
505 _aNovela
650 _aNovelas inglesas
_91158
650 _aNovelistas ingleses
_926235
700 _aRuste, A. (traducción)
_926236
942 _2ddc
_cLIBROS
945 _aacv